16 Little Harry Potter Pictograms Quiz Stats

 Plays Quiz Updated Jul 2, 2018

Score 0/16 Timer 06:00
18 Plays Today
Hint Answer % Correct
Lockhart
93.9%
Slughorn
93.5%
King's Cross
92.6%
Katie Bell
86%
Griphook
84.7%
Winky
82.2%
Hogwarts
77.5%
Leaky Cauldron
75.3%
Hint Answer % Correct
Buckbeak
74.9%
George Weasley
69.8%
Honeyduke's
62.7%
Karkaroff
61.8%
Lily Potter
56.4%
Hedwig
55.5%
Rookwood
52.8%
Goyle
51.5%

You're not logged in!

Compare scores with friends on all Sporcle quizzes.
OR
Log In

Show Comments

Extras

Top Quizzes Today


Score Distribution

Your Account Isn't Verified!

In order to create a playlist on Sporcle, you need to verify the email address you used during registration. Go to your Sporcle Settings to finish the process.

Report this User

Report this user for behavior that violates our Community Guidelines.

Details: